| 000 | 00424nam a2200157 a 4500 | ||
|---|---|---|---|
| 001 | 5242 | ||
| 003 | CDMR | ||
| 005 | 20130320135543.0 | ||
| 008 | 130130s1993||||||||||||||||||||||||||||d | ||
| 040 |
_aCDMR _bcat _cCDMR |
||
| 245 | 0 | _aMiscelánea y el periodismo en Calatayud | |
| 260 |
_aZaragoza _c1993 _bAsociación de la Prensa de Aragón |
||
| 490 | 0 | _aPrensa Aragonesa | |
| 490 | 0 |
_aColección facsímil _v5 |
|
| 942 |
_cMON _2udc |
||
| 999 |
_c5242 _d5242 |
||